On This Day: June 11th Quiz Stats

 Plays Quiz Updated Jun 11, 2017

Support Sporcle.
Go Orange.
Score 0/7 Timer 03:00
1 Play Today
Question Answer Wrong Answers
This American actor, who starred as the title character in ‘Willy Wonka & the Chocolate Factory’, is born.
1933
Gene Wilder
92.2%
Mel Brooks
3%
Cleavon Little
1.1%
Peter Boyle
2%
The boundaries of the Colony of New Zealand are extended by the UK to include these Islands, which were named after a famous British explorer.
1901
Cook
78.8%
Marshall
10.4%
Solomon
6.9%
Virgin
3%
The Soviet Union, under Joseph Stalin, executes eight army leaders. Stalin’s campaign of political repression during this time period is known as the Great ______.
1937
Purge
72.5%
Suppression
15.5%
Silence
4.1%
Eradication
5.4%
This Alabama governor defiantly stands at the door of Foster Auditorium at the University of Alabama in an attempt to block two black students from attending that school. They eventually are able to register.
1963
George Wallace
69%
Hubert Humphrey
8%
Strom Thurmond
9.2%
Eugene McCarthy
10.4%
The Broad Street Riot occurs in Boston, fueled by ethnic tensions between Yankees and ______ Americans.
1837
Irish
68.7%
Italian
8.6%
Native
16.1%
African
6.5%
The US Government forcibly removes the last holdouts to the Native American Occupation of this, ending 19 months of control.
1971
Alcatraz
36%
US Capitol
7.3%
National Mall
12.2%
Mount Rushmore
40.5%
A US Congress resolution formally recognizes the contributions of Antonio Meucci in the invention of this.
2002
Telephone
24%
Radio
25.9%
Light Bulb
16.5%
Internet
29.2%

From the Vault

'Q' and 'R' TV Shows by Picture

by livicj5

There definitely needs to be more 'Q' shows on TV.
Remove Ads.
Support Sporcle.
Get the best of Sporcle when you Go Orange. This ad-free experience offers more features, more stats, and more fun while also helping to support Sporcle. Thank you for becoming a member.

Show Comments

Extras

Top Quizzes Today


Score Distribution

Your Account Isn't Verified!

In order to create a playlist on Sporcle, you need to verify the email address you used during registration. Go to your Sporcle Settings to finish the process.

Report this User

Report this user for behavior that violates our Community Guidelines.

Details: